000 00290nam a22001337a 4500
082 _a894.812.3
_bLON/M
100 _aLONAPPAN,JIJO
245 _aMANASILEKKULLA PASSWORD
250 _aFIRST
260 _aIDUKKI
_bKURINJI BOOKS
_c2021
300 _a80
650 _aSTORY
_zKERALA
942 _cBK
999 _c1777
_d1777